Principales riesgos fiscales de la empresa (Registro nro. 166506)
[ vista simple ]
| 000 -LEADER | |
|---|---|
| fixed length control field | 00997nam a22002297a 4500 |
| 007 - PHYSICAL DESCRIPTION FIXED FIELD--GENERAL INFORMATION | |
| fixed length control field | cr|||| |||| |
| 008 - FIXED-LENGTH DATA ELEMENTS--GENERAL INFORMATION | |
| fixed length control field | 181102s2018 mx |||||s|||| 00||0 spa d |
| 035 ## - | |
| -- | 22326 |
| 040 ## - CATALOGING SOURCE | |
| Original cataloging agency | vLex |
| 090 ## - | |
| -- | 8269 |
| -- | 8269 |
| 100 1# - MAIN ENTRY--PERSONAL NAME | |
| Personal name | Orozco-Felgueres Loya, Carlos |
| 245 10 - TITLE STATEMENT | |
| Title | Principales riesgos fiscales de la empresa |
| Medium | [Recurso electrónico] / |
| Statement of responsibility, etc | Carlos Orozco-Felgueres Loya |
| 256 ## - | |
| -- | Servicio en línea |
| 300 ## - PHYSICAL DESCRIPTION | |
| Extent | 1 recurso electrónico (328 p.) |
| 506 1# - RESTRICTIONS ON ACCESS NOTE | |
| Terms governing access | Disponible solo en los productos indicados |
| Authorized users | vLex Global |
| -- | vLex Global (Academic Edition, excluding Law Schools) |
| -- | vLex Global (U.S. Academic Edition, Law Schools) |
| -- | vLex Global (U.S. Academic Edition, excluding Law Schools) |
| -- | vLex Global (Academic Edition, Law Schools) |
| 650 04 - SUBJECT ADDED ENTRY--TOPICAL TERM | |
| Topical term or geographic name as entry element | Sociedades |
| Geographic subdivision | México |
| 650 04 - SUBJECT ADDED ENTRY--TOPICAL TERM | |
| Topical term or geographic name as entry element | Derecho Fiscal |
| Geographic subdivision | México |
| 740 0# - | |
| -- | vLex Libros (Servicio en línea) |
| 856 40 - LOCALIZACIÓN Y ACCESO ELECTRÓNICO | |
| Identificador Uniforme del Recurso (URI/URL) | https://app.vlex.com/#/sources/principales-riesgos-fiscales-empresa-22326 |
| 942 ## - | |
| -- | RAA |
| 999 ## - | |
| -- | 166506 |
| -- | 166506 |
No hay ítems disponibles.